[Event "BEL-ch U18/20"]
[Site "Houffalize"]
[Date "2011.04.23"]
[Round "9"]
[White "Van Herck, Raf"]
[Black "Vanhuyse, Nele"]
[Result "0-1"]
[WhiteElo "1728"]
[BlackElo "1766"]
[PlyCount "40"]
[EventDate "2011.04.17"]
[EventType "swiss"]
[EventRounds "9"]
[EventCountry "BEL"]
[SourceTitle "EXT 2012"]
[Source "ChessBase"]
[SourceDate "2011.11.24"]
[SourceVersion "1"]
[SourceVersionDate "2011.11.24"]
[SourceQuality "1"]

1. Nc3 c5 2. Nf3 Nc6 3. d4 cxd4 4. Nxd4 g6 5. Bf4 d6 6. e4 Bg7 7. Bb5 Bd7 8. Bxc6 bxc6 9. 0-0 e5 10. Nf5 gxf5 11. exf5 exf4 12. Re1+ Ne7 13. Qxd6 Bxf5 14. Qxc6+ Kf8 15. Rxe7 Rc8 16. Rxf7+ Kxf7 17. Qb5 Qd7 18. Qb4 Bxc3 19. bxc3 Qc7 20. Re1 Rhe8 0-1

[Event "BEL-ch U18/20"]
[Site "Houffalize"]
[Date "2011.04.21"]
[Round "7"]
[White "Machiroux, Bruno"]
[Black "Van Herck, Raf"]
[Result "0-1"]
[WhiteElo "1746"]
[BlackElo "1728"]
[PlyCount "57"]
[EventDate "2011.04.17"]
[EventType "swiss"]
[EventRounds "9"]
[EventCountry "BEL"]
[SourceTitle "EXT 2012"]
[Source "ChessBase"]
[SourceDate "2011.11.24"]
[SourceVersion "1"]
[SourceVersionDate "2011.11.24"]
[SourceQuality "1"]

1. c4 g6 2. g3 Bg7 3. d4 Nf6 4. Bg2 0-0 5. Nc3 d6 6. h3 c6 7. Nf3 Nbd7 8. e4 e5 9. Be3 Re8 10. 0-0 b6 11. d5 cxd5 12. cxd5 Nc5 13. Nd2 Ba6 14. Re1 Nd3 15. Bf1 Qc8 16. Qa4 b5 17. Nxb5 Bxb5 18. Qxb5 Nxe1 19. Rxe1 Qd7 20. Qc6 Rec8 21. Qxd7 Nxd7 22. Bb5 Nb6 23. Bc6 Rab8 24. a4 Rc7 25. a5 Nc8 26. Nc4 Ne7 27. Nxd6 Nxc6 28. Rc1 Bf8 29. b3 0-1

[Event "Maastricht Limburg op-B 4th"]
[Site "Maastricht"]
[Date "2010.05.22"]
[Round "3"]
[White "Camps, Jeroen"]
[Black "Van Herck, Raf"]
[Result "1-0"]
[WhiteElo "1849"]
[BlackElo "1683"]
[PlyCount "33"]
[EventDate "2010.05.21"]
[EventType "swiss"]
[EventRounds "7"]
[EventCountry "NED"]
[SourceTitle "EXT 2011"]
[Source "ChessBase"]
[SourceDate "2010.11.26"]
[SourceVersion "1"]
[SourceVersionDate "2010.11.26"]
[SourceQuality "1"]

1. e4 c5 2. c3 d5 3. exd5 Qxd5 4. d4 cxd4 5. cxd4 Nc6 6. Nf3 Bg4 7. Nc3 Qd7 8. Be3 Nf6 9. d5 Bxf3 10. gxf3 0-0-0 11. dxc6 Qxc6 12. Bh3+ e6 13. Qe2 Bb4 14. 0-0 Kb8 15. Rac1 Bxc3 16. Rxc3 Qd5 17. Ra3 1-0

[Event "BEL-ch U16"]
[Site "Houffalize"]
[Date "2009.04.17"]
[Round "7"]
[White "Van Herck, Raf"]
[Black "Van de Moortel, Soraya"]
[Result "0-1"]
[WhiteElo "1625"]
[BlackElo "1754"]
[PlyCount "58"]
[EventDate "2009.04.13"]
[EventType "swiss"]
[EventRounds "9"]
[EventCountry "BEL"]
[SourceTitle "EXT 2012"]
[Source "ChessBase"]
[SourceDate "2011.11.24"]
[SourceVersion "1"]
[SourceVersionDate "2011.11.24"]
[SourceQuality "1"]

1. e4 a6 2. d4 b5 3. Bf4 Nf6 4. Nd2 e6 5. g3 Bb7 6. Bg2 d5 7. Bg5 Be7 8. e5 Nfd7 9. Bxe7 Qxe7 10. f4 c5 11. c3 Nc6 12. Ngf3 0-0-0 13. a4 b4 14. Nb3 c4 15. cxb4 cxb3 16. b5 axb5 17. axb5 Qb4+ 18. Kf2 Qxb5 19. Bf1 Qb6 20. Ra3 Na5 21. Qc1+ Kb8 22. Qc3 Nc4 23. Rxb3 Qc6 24. Qc2 Ndb6 25. Bxc4 dxc4 26. Ra3 Nd5 27. Rha1 Nb4 28. Qe2 Nd3+ 29. Kg2 Rxd4 0-1

[Event "BEL-ch U16"]
[Site "Houffalize"]
[Date "2009.04.16"]
[Round "5"]
[White "Roeygens, Lodewijk"]
[Black "Van Herck, Raf"]
[Result "1-0"]
[WhiteElo "1347"]
[BlackElo "1625"]
[PlyCount "25"]
[EventDate "2009.04.13"]
[EventType "swiss"]
[EventRounds "9"]
[EventCountry "BEL"]
[SourceTitle "EXT 2012"]
[Source "ChessBase"]
[SourceDate "2011.11.24"]
[SourceVersion "1"]
[SourceVersionDate "2011.11.24"]
[SourceQuality "1"]

1. e4 e6 2. d4 d5 3. exd5 exd5 4. Bd3 Bd6 5. Nc3 Ne7 6. Bg5 c6 7. h3 0-0 8. Nf3 Qc7 9. 0-0 Bf5 10. Bxe7 Bxd3 11. Bxd6 Bxc2 12. Bxc7 Bxd1 13. Raxd1 1-0

[Event "BEL-ch U16"]
[Site "Houffalize"]
[Date "2009.04.14"]
[Round "3"]
[White "Decker, Gregory"]
[Black "Van Herck, Raf"]
[Result "1-0"]
[WhiteElo "1326"]
[BlackElo "1625"]
[PlyCount "61"]
[EventDate "2009.04.13"]
[EventType "swiss"]
[EventRounds "9"]
[EventCountry "BEL"]
[SourceTitle "EXT 2012"]
[Source "ChessBase"]
[SourceDate "2011.11.24"]
[SourceVersion "1"]
[SourceVersionDate "2011.11.24"]
[SourceQuality "1"]

1. e4 e6 2. d4 d5 3. e5 c5 4. c3 Nc6 5. Nf3 Bd7 6. a3 Qb6 7. b4 cxd4 8. cxd4 Nge7 9. Be3 Nf5 10. Bd3 Nxe3 11. fxe3 Be7 12. 0-0 Rc8 13. Nc3 0-0 14. Rc1 a5 15. Na4 Qd8 16. b5 Na7 17. Rxc8 Qxc8 18. Nb6 Qc7 19. Nxd7 Qxd7 20. a4 Nc8 21. Qd2 Bb4 22. Qc2 Nb6 23. Bxh7+ Kh8 24. Bd3 Rc8 25. Qf2 Qe7 26. Qg3 g6 27. Ng5 f5 28. exf6 Qc7 29. Qh4+ Kg8 30. f7+ Kf8 31. Nxe6# 1-0

[Event "BEL-ch U16"]
[Site "Houffalize"]
[Date "2009.04.13"]
[Round "1"]
[White "Van Hille, Siegfried"]
[Black "Van Herck, Raf"]
[Result "0-1"]
[WhiteElo "1256"]
[BlackElo "1625"]
[PlyCount "108"]
[EventDate "2009.04.13"]
[EventType "swiss"]
[EventRounds "9"]
[EventCountry "BEL"]
[SourceTitle "EXT 2012"]
[Source "ChessBase"]
[SourceDate "2011.11.24"]
[SourceVersion "1"]
[SourceVersionDate "2011.11.24"]
[SourceQuality "1"]

1. e4 e6 2. Nc3 d5 3. exd5 exd5 4. d4 c6 5. Nf3 Bd6 6. Be3 Qc7 7. Be2 Ne7 8. Qd2 0-0 9. 0-0-0 Bf5 10. Rdg1 Nd7 11. g4 Bg6 12. h4 f6 13. h5 Bf7 14. Qd3 Nb6 15. g5 Be6 16. gxf6 Rxf6 17. Bg5 Bf4+ 18. Kb1 Bxg5 19. Rxg5 Rf5 20. Rhg1 Rxg5 21. Rxg5 Rf8 22. Qe3 Bc8 23. Ne5 Rf5 24. Bd3 Rxg5 25. Qxg5 Qd6 26. Qf4 Qe6 27. Qg3 Nd7 28. f4 Nxe5 29. fxe5 Nf5 30. Qg4 Nh6 31. Qxe6+ Bxe6 32. Na4 Bg4 33. Nc5 b6 34. Nb7 Bxh5 35. Nd8 Be8 36. c4 dxc4 37. Bxc4+ Nf7 38. Ne6 h5 39. Nf4 h4 40. Nh3 Kf8 41. Kc2 g5 42. Be6 Ke7 43. Bxf7 Bxf7 44. Nxg5 Be6 45. Kd3 h3 46. Nxh3 Bxh3 47. Ke4 Ke6 48. b4 Bg2+ 49. Kf4 Kd5 50. Kf5 Kxd4 51. Kf6 Bh3 52. e6 Bxe6 53. Kxe6 c5 54. bxc5 bxc5 0-1

[Event "Twente Young Master op-C"]
[Site "Twente"]
[Date "2007.08.07"]
[Round "2"]
[White "Van Herck, Raf"]
[Black "Geerts, Kaatje"]
[Result "1/2-1/2"]
[WhiteElo "1499"]
[BlackElo "1321"]
[PlyCount "50"]
[EventDate "2007.08.06"]
[EventType "swiss"]
[EventRounds "9"]
[EventCountry "NED"]
[SourceTitle "EXT 2008"]
[Source "ChessBase"]
[SourceDate "2007.11.25"]
[SourceVersion "1"]
[SourceVersionDate "2007.11.25"]
[SourceQuality "1"]

1. e4 e5 2. Nf3 Nc6 3. d4 d6 4. dxe5 Nxe5 5. Nxe5 dxe5 6. Qxd8+ Kxd8 7. Nc3 Bb4 8. Bd2 Nf6 9. 0-0-0 Bd7 10. Bb5 c6 11. Bc4 Ke7 12. f4 Rad8 13. Ne2 Bxd2+ 14. Rxd2 Be6 15. Bxe6 Rxd2 16. Kxd2 Rd8+ 17. Kc1 Kxe6 18. Rd1 Rxd1+ 19. Kxd1 Nd7 20. Kd2 Kd6 21. Ng3 g6 22. Ne2 Nb6 23. b3 Nd7 24. Ke3 f6 25. g4 b5 1/2-1/2

[Event "Twente Young Master op-C"]
[Site "Twente"]
[Date "2007.08.06"]
[Round "1"]
[White "Pijpers, Arthur"]
[Black "Van Herck, Raf"]
[Result "1-0"]
[WhiteElo "2061"]
[BlackElo "1499"]
[PlyCount "107"]
[EventDate "2007.08.06"]
[EventType "swiss"]
[EventRounds "9"]
[EventCountry "NED"]
[SourceTitle "EXT 2008"]
[Source "ChessBase"]
[SourceDate "2007.11.25"]
[SourceVersion "1"]
[SourceVersionDate "2007.11.25"]
[SourceQuality "1"]

1. e4 e6 2. d4 d5 3. Nc3 Bb4 4. e5 c5 5. a3 Bxc3+ 6. bxc3 Qa5 7. Bd2 Qa4 8. Qg4 g6 9. Ra2 Nc6 10. Nf3 Nge7 11. Qh4 Nf5 12. Qf6 Rf8 13. g4 Nfe7 14. Qf4 b5 15. dxc5 Qxf4 16. Bxf4 a6 17. a4 bxa4 18. Rxa4 f6 19. Bh6 Rf7 20. exf6 Rxf6 21. Rf4 Rxf4 22. Bxf4 a5 23. Kd2 a4 24. Bb5 a3 25. Ra1 Ra5 26. Nd4 Bd7 27. Bc7 Ra8 28. Nxc6 Bxc6 29. Bxc6+ Nxc6 30. f4 Kd7 31. Bb6 e5 32. Ke3 exf4+ 33. Kxf4 Ra4+ 34. Kg5 a2 35. h3 h6+ 36. Kxg6 d4 37. Kxh6 dxc3 38. g5 Nb4 39. g6 Nxc2 40. g7 Ra8 41. Rxa2 Rxa2 42. g8Q Rb2 43. Qg7+ Kc6 44. Qxc3 Ra2 45. Qb3 Ra3 46. Qxc2 Rxh3+ 47. Kg5 Rg3+ 48. Kf4 Rg8 49. Qe4+ Kb5 50. Qd5 Rf8+ 51. Ke5 Rh8 52. Qd7+ Kc4 53. c6 Rh5+ 54. Kf4 1-0